Bio-bibliografía de Antonio-Enrique Pérez Luño: aproximación a su pensamiento jurídico
Spremljeno u:
| Glavni autor: | |
|---|---|
| Format: | Knjiga |
| Jezik: | španjolski |
| Izdano: |
Lima, Perú
Asociación Peruana de Derecho Constitucional
2006
|
| Serija: | Cuadernos de la Asociación Peruana de Derecho Constitucional.
6 |
| Teme: | |
| Oznake: |
Dodaj oznaku
Bez oznaka, Budi prvi tko označuje ovaj zapis!
|
MARC
| LEADER | 00000nam a2200000 a 4500 | ||
|---|---|---|---|
| 001 | UCJ9057 | ||
| 003 | CL-VaPUC | ||
| 005 | 20230203155538.0 | ||
| 008 | 070302e20060000PE |||||||||||||||||spa|d | ||
| 999 | |c 324696 |d 324694 | ||
| 040 | |c Pontificia Universidad Católica de Valparaíso | ||
| 082 | 0 | 4 | |a 340.1 PAL 2006 |2 21 |
| 100 | |a Palomino Manchego, José F. |e autor |9 518963 | ||
| 245 | 1 | 0 | |a Bio-bibliografía de Antonio-Enrique Pérez Luño: aproximación a su pensamiento jurídico |
| 260 | |a Lima, Perú |b Asociación Peruana de Derecho Constitucional |c 2006 | ||
| 300 | |a 42 páginas | ||
| 490 | 0 | |a Cuadernos de la Asociación Peruana de Derecho Constitucional. |v 6 | |
| 583 | |a last modification |c 20070302 00:00:00 |k Rodrigo Vera | ||
| 600 | 0 | 7 | |a PEREZ LUÑO, ANTONIO ENRIQUE |2 CL-VaPUC |9 518964 |
| 650 | 0 | |a Filosofía del derecho |9 255050 | |
| 650 | 0 | |a Derecho constitucional |9 222588 | |
| 650 | 0 | |a Bibliografías |9 257071 | |
| 942 | |c BK |2 ddc | ||
| 945 | |d 20070302 00:00:00 |a cmena | ||
| 952 | |0 0 |1 0 |2 ddc |4 0 |6 340_100000000000000_PAL_2006 |7 0 |8 A |9 405012 |a BIBDER |b BIBDER |d 2019-11-22 |i 4315693 |o 340.1 PAL 2006 |p 4315693 |r 2023-01-25 |t 1 |w 2019-11-22 |y MX |k DER | ||